Responses for Show #1460 - Friday, December 28, 1990

Jonathan Jacobs game 1.
Game entered from audiorecording. Missing prizes.

Contestants

[<< previous game]

Albert Kerry, a teacher from San Francisco, California

Jonathan Jacobs, an operations research analyst originally from Philadelphia, Pennsylvania

Richard Healey, a deputy district attorney from Huntington Beach, California (whose 2-day cash winnings total $27,401)

[next game >>]

Jeopardy! Round responses

"T" TIME
U.S. CITIES
TRANSPORTATION
FACTS & FIGURES
SHAKESPEAREAN ACTORS
FIRE
    $100 19
a tower

Jonathan
    $100 2
(Jonathan: What is Buena Park?)

Ventura

Jonathan
Triple Stumper
    $100 7
a tugboat

Albert
    $100 1
the FBI

Jonathan
    $100 15
Cleopatra

Jonathan
    $100 17
Where's the fire?

Jonathan
    $200 20
(Jonathan: What are frogs?)
(Alex: Frogs? Can we accept that? No.)

toads

RichardJonathan
    $200 3
Albany

Jonathan
    $200 8
a steam engine (steam locomotive)

Jonathan
    $200 10
wars

Jonathan
    $200 27
Juliet

Jonathan
    $200 18
the buckets

Triple Stumper
    $300 22
(Albert: [*]. What is [*]?)

Tennessee

Albert
    $300 4
Wernher von Braun

Jonathan
    $300 9
a busman's holiday

Richard
    $300 12
Martina Navratilova

Richard
    $300 28
Lynn Fontanne

Jonathan
    $300 21
tinder

Albert
    $400 23
tobacco

Richard
    $400 5
Cincinnati

Jonathan
    $400 11
(Jonathan: What is the English Channel?)

the Atlantic Ocean

RichardJonathan
    $400 13
the Bolshoi ballet

Richard
    $400 29
Lady Macbeth

Richard
    $400 25
home fires

Albert
    $500 24
a theater

Albert
    $500 6
Amarillo

Triple Stumper
    $500 16
to shift gears

Jonathan
    $1,000 14
the Nobel Prize

Richard
    $500 30
Portia

Richard
    $500 26
Peter Stuyvesant

Richard

Scores at the first commercial break (after clue 14):

Richard Jonathan Albert
$2,400 $900 $100

Scores at the end of the Jeopardy! Round:

Richard Jonathan Albert
$4,400 $2,000 $1,600

Double Jeopardy! Round responses

PRESIDENTIAL NICKNAMES
LITERARY ANIMALS
ISLANDS
WORLD HISTORY
JOURNALISTS
CALL ME MISTER
    $200 6
President Van Buren

Jonathan
    $200 16
(Albert: Who is, uh, Peter Rabbit?)

Flopsy & Mopsy

Albert
Triple Stumper
    $200 11
Greenland

Richard
    $200 1
sauerkraut

Jonathan
    $200 19
the Pentagon Papers

Jonathan
    $200 25
Mister Rogers

Albert
    $400 7
Abraham Lincoln

Jonathan
    $400 17
(Albert: Who is White Fang?)

Buck

Albert
Triple Stumper
    $400 12
Samoa

Richard
    $400 2
the Marquis de Sade

Albert
    $400 20
Sheilah Graham

Richard
    $400 26
Arthur Fiedler

Richard
    $600 8
President Andrew Jackson

Jonathan
    $600 18
Horton

Jonathan
    $600 13
Capri

Richard
    $600 3
the Titanic

Albert
    $2,500 21
(Richard: Who is, uh, Helen Gurley Brown?)

Diana Vreeland

Richard
    $600 27
Mr. October

Jonathan
    $800 9
Chester Alan Arthur

Jonathan
    $800 24
Rikki-Tikki-Tavi

Jonathan
    $2,500 14
(Richard: What is... Haiti?)

Martinique

Richard
    $800 4
the Visigoths & the Ostrogoths

Jonathan
    $800 22
(Jonathan: Who is Wyatt Earp?)

Bat Masterson

RichardJonathan
    $800 28
Thurgood Marshall

Jonathan
    $1000 10
[Applause for Jonathan running the category]
(Alex: You were giving us first names until that last one.)

President (Grover) Cleveland

Jonathan
    $1000 29
(Albert: Um, T.S. Eliot's, um, I'm gonna say Cats.)
(Richard: What is Cats?)
...
(Alex: Cats is the musical; the work was called, [*].)

Old Possum's Book of Practical Cats

RichardAlbert
Triple Stumper
    $1000 15
Mallorca & Menorca

Triple Stumper
    $1000 5
the War of Jenkins' Ear

Richard
    $1000 23
Franklin P. Adams

Jonathan
    $1000 30
Robert Taft

Jonathan

Scores at the end of the Double Jeopardy! Round:

Richard Jonathan Albert
$2,200 $10,200 $1,200
(lock game)

[wagering suggestions for these scores]

Final Jeopardy! Round responses

NAMES IN THE NEWS
AlbertWho is Yeltsin?
$1,200
RichardWho is Kasparov?
$2,200
JonathanWho is Kasparov?
$5,700
(Garry) Kasparov

Final scores:

Richard Jonathan Albert
$4,400 $15,900 $0
2nd place New champion: $15,900 3rd place

Game dynamics:

Coryat scores:

Richard Jonathan Albert
$6,700 $10,200 $1,200
17 R
(including 1 DD),
3 W
(including 2 DDs)
26 R,
4 W
8 R,
3 W

Combined Coryat: $18,100

[game clues] [game scores] [suggest correction]

Game tape date: 1990-09-25
The J! Archive is created by fans, for fans. Scraping, republication, monetization, and malicious use prohibited; this site may use cookies and collect identifying information. See terms. The Jeopardy! game show and all elements thereof, including but not limited to copyright and trademark thereto, are the property of Jeopardy Productions, Inc. and are protected under law. This website is not affiliated with, sponsored by, or operated by Jeopardy Productions, Inc. Join the discussion at JBoard.tv.